000 01060nab a2200241 a 4500
005 20210219162244.0
008 991125s1985 mx 000 0 spa u
035 _aUPN01000200633
049 _aART
100 1 _aHerrán Gascón, Agustín de la
222 0 _aEDUCACION XXI
245 0 0 _aReflexiones para una reforma profunda de la educación, desde un enfoque basado en la complejidad, la universalidad y la conciencia
260 _aMadrid, España
300 _a245-264
362 0 _a2011 Vol. 14, no. 1
520 _aEste artículo intenta expresar un sistema organizado de reflexiones con base en la complejidad, la universalidad y la conciencia, con la idea de servir de debate a la comunidad científica pedagógica para una reforma profunda de la educación
653 0 _aCOMPLEJIDAD
653 0 _aUNIVERSALIDAD
653 0 _aCONCIENCIA
856 4 _uhttp://e-spacio.uned.es/fez/eserv.php?pid=bibliuned:EducacionXXI-2011-14-1-5120&dsID=Documento.pdf
856 4 _uhttp://www.redalyc.org/articulo.oa?id=70618224012
905 _aArticulo
999 _c172734
_d172734